Normal view
MARC view
- Toll plazas
Entry Topical Term
001 - CONTROL NUMBER
- control field: 22183
003 - CONTROL NUMBER IDENTIFIER
- control field: NUST
005 - DATE AND TIME OF LATEST TRANSACTION
- control field: 20191001142735.0
008 - FIXED-LENGTH DATA ELEMENTS
- fixed length control field: 191001|| aca||aabn | a|a d
040 ## - CATALOGING SOURCE
- Original cataloging agency: NUST
- Transcribing agency: NUST
150 ## - HEADING--TOPICAL TERM
- Topical term or geographic name entry element: Toll plazas
- General subdivision: Design and construction.
670 ## - SOURCE DATA FOUND
- Source citation: Work cat.: (NUST)0: Schaufler, Albert E. 22182, Toll plaza design /, 1997.
